[Event "WYb16"]
[Site "Heraklio GRE"]
[Date "2002.11.17"]
[Round "3"]
[White "Zarkua,D"]
[Black "Ghasi,A"]
[Result "0-1"]
[WhiteElo "2178"]
[BlackElo "2292"]
[EventDate "2002.11.15"]

1. d4 Nf6 2. Nf3 g6 3. c4 Bg7 4. Nc3 O-O 5. g3 d6 6. Bg2 Nc6 7. d5 Na5 8.
Nd2 c5 9. dxc6 Nxc6 10. O-O a6 11. Nb3 Nd7 12. Be3 Nde5 13. c5 Nc4 14. Bc1
dxc5 15. Nxc5 Qb6 16. Nd3 Rd8 17. Na4 Qa5 18. Qc2 Be6 19. Bxc6 bxc6 20.
Nac5 Nd6 21. Nxe6 fxe6 22. Nf4 Qf5 23. Qxc6 g5 24. Nd3 h6 25. Be3 Qb5 26.
Rac1 Rdc8 27. Qf3 Nf5 28. b3 Qa5 29. Nc5 Bb2 30. Rc4 Rab8 31. Ra4 Qc3 32.
Nxe6 Rb5 33. Rxa6 Ra5 34. Rxa5 Qxa5 35. Qh5 Qe5 36. Qg6+ Kh8 37. Bxg5 Rg8
38. Nf4 Qe4 39. Qf7 Rg7 40. Ng6+ Kh7 41. Nf8+ Kh8 42. Qe8 Rxg5 43. Ng6+ Kg7
44. Qh8+ Kxg6 45. Qxb2 Nd4 46. Rd1 Nxe2+ 47. Kf1 Rc5 48. Qh8 Kf7 49. Qd8
Nc3 0-1

[Event "WYb16"]
[Site "Heraklio GRE"]
[Date "2002.11.17"]
[Round "4"]
[White "Ghasi,A"]
[Black "Pantsulaia,L"]
[Result "0-1"]
[WhiteElo "2292"]
[BlackElo "2450"]
[EventDate "2002.11.15"]

1. Nf3 c5 2. g3 b6 3. Bg2 Bb7 4. O-O Nf6 5. d3 e6 6. e4 d6 7. h3 Be7 8. Nh2
Qc7 9. f4 O-O 10. Be3 Nbd7 11. g4 d5 12. Nd2 g6 13. h4 dxe4 14. dxe4 c4 15.
c3 Nc5 16. Qc2 Nd3 17. b4 a5 18. a3 axb4 19. cxb4 b5 20. Qc3 Rad8 21. g5
Nh5 22. Ng4 f6 23. Rf3 Ndxf4 24. Bf1 e5 25. gxf6 Bxf6 26. Bxf4 exf4 27.
Nxf6+ Nxf6 28. a4 Nxe4 29. Nxe4 Bxe4 30. axb5 Qb6+ 31. Rf2 Bd3 32. Bxd3
cxd3 33. Qc4+ Rf7 34. Rd1 Qe3 35. Qc6 f3 36. Qc4 Rd4 37. Qc8+ Rf8 38. Qh3
Rxb4 39. Kf1 Qe2+ 40. Rxe2 fxe2+ 41. Ke1 Rf1+ 42. Qxf1 exd1=Q+ 0-1

[Event "WYb16"]
[Site "Heraklio GRE"]
[Date "2002.11.17"]
[Round "4"]
[White "Karakehajov,K"]
[Black "Kharitonov,Alexa"]
[Result "1/2-1/2"]
[WhiteElo "2283"]
[BlackElo "2437"]
[EventDate "2002.11.15"]

1. e4 c6 2. d4 d5 3. exd5 cxd5 4. c4 Nf6 5. Nc3 e6 6. Nf3 Bb4 7. Bd3 dxc4
8. Bxc4 Nbd7 9. O-O Bxc3 10. bxc3 Qc7 11. Qe2 O-O 12. Ne5 Nb6 13. Bg5 Nxc4
14. Bxf6 gxf6 15. Nxc4 Kh8 16. Ne3 Rg8 17. c4 f5 18. d5 Rg6 19. Rad1 Bd7
20. Qb2+ Kg8 21. f4 Re8 22. Qd4 e5 23. fxe5 Qxe5 24. Nc2 Qe4 25. Rc1 b6 26.
Rf4 Qe2 27. Qf2 Qe5 28. Qd4 Qe7 29. Qf2 1/2-1/2

[Event "WYb16"]
[Site "Heraklio GRE"]
[Date "2002.11.17"]
[Round "4"]
[White "Friedel,J"]
[Black "Gerzhoy,L"]
[Result "1-0"]
[WhiteElo "2270"]
[BlackElo "2389"]
[EventDate "2002.11.15"]

1. e4 c5 2. Nf3 d6 3. d4 cxd4 4. Nxd4 Nf6 5. Nc3 Nc6 6. Bc4 Qb6 7. Nb3 e6
8. O-O a6 9. a4 Qc7 10. f4 b6 11. Bd3 Bb7 12. Qf3 Nb4 13. Qg3 d5 14. e5 Ne4
15. Bxe4 dxe4 16. Qf2 Rb8 17. a5 b5 18. Be3 Be7 19. f5 exf5 20. Nd4 g6 21.
e6 Qc4 22. Qg3 Rc8 23. exf7+ Qxf7 24. Rad1 Rd8 25. Nxf5 Rxd1 26. Nxd1 gxf5
27. Qb8+ Kd7 28. Qxb7+ Ke6 29. Nc3 Qe8 30. Ne2 Nxc2 31. Nf4+ Kf7 32. Qd5+
Kf6 33. Qe6+ Kg7 34. Qe5+ Bf6 35. Qc7+ 1-0

[Event "WYb16"]
[Site "Heraklio GRE"]
[Date "2002.11.17"]
[Round "4"]
[White "Pakleza,Z"]
[Black "Arngrimsson,D"]
[Result "1-0"]
[WhiteElo "2382"]
[BlackElo "2184"]
[EventDate "2002.11.15"]

1. c4 e6 2. d4 d5 3. Nc3 Nf6 4. Bg5 Be7 5. e3 O-O 6. Nf3 Nbd7 7. cxd5 exd5
8. Bd3 c6 9. Qc2 Re8 10. O-O Nf8 11. h3 Be6 12. Bxf6 Bxf6 13. b4 Rc8 14.
Na4 Qe7 15. Rab1 g6 16. Qb3 Nd7 17. Rfc1 Bg7 18. Nc5 b6 19. Nxd7 Qxd7 20.
a4 Rc7 21. Rc2 Bf5 22. Bxf5 Qxf5 23. Rbc1 Rec8 24. Qb1 Bf8 25. Rb2 Qxb1 26.
Rbxb1 Bd6 27. Kf1 f6 28. Rb3 Kf7 29. Ke2 Ke6 30. Kd3 Bf8 31. Rbb1 Bd6 32.
Nd2 Bf8 33. f3 Rd8 34. Rb3 Rdc8 35. g4 Bd6 36. Nb1 Kd7 37. Nc3 c5 38. bxc5
bxc5 39. dxc5 Rxc5 40. Rcb1 a6 41. Rb7+ Ke6 42. Ne2 Bc7 43. Nd4+ Kd6 44.
Ra7 Ra5 45. Rc1 Bb6 46. Rxc8 Bxa7 47. Nc6 1-0

[Event "WYb16"]
[Site "Heraklio GRE"]
[Date "2002.11.17"]
[Round "4"]
[White "Davidov,S"]
[Black "Kuljasevic,D"]
[Result "0-1"]
[WhiteElo "2254"]
[BlackElo "2381"]
[EventDate "2002.11.15"]

1. e4 c5 2. Nf3 Nc6 3. d4 cxd4 4. Nxd4 Nf6 5. Nc3 e5 6. Ndb5 d6 7. Be3 a6
8. Na3 Rb8 9. Nd5 Nxd5 10. exd5 Ne7 11. c4 Nf5 12. Qd2 Nxe3 13. fxe3 g6 14.
g3 h5 15. Be2 Bh6 16. Nc2 Bf5 17. Bd3 Qg5 18. O-O-O Bxd3 19. Qxd3 O-O 20.
Kb1 Rfc8 21. e4 b5 22. h4 bxc4 23. Qf3 Qg4 24. Qxg4 hxg4 25. h5 c3 26. b3
Bd2 27. Rh2 Kg7 28. Rf1 f6 29. hxg6 Rh8 30. Rhf2 Bg5 31. Na3 Rh3 32. Nc4
Rxg3 33. Nxd6 Kxg6 34. Nf5 Rd3 35. Kc2 Rd2+ 36. Kxc3 Rxf2 37. Rxf2 Bf4 38.
Rg2 Kg5 39. d6 g3 40. Kc4 Kg4 41. Nxg3 Bxg3 42. Kd5 Kf3 43. Rc2 Be1 44. Rc5
Bb4 45. Rc6 Rb5+ 46. Kc4 Kxe4 47. Rxa6 Rb7 48. a3 Be1 49. Rc6 f5 50. Rc7
Rb6 51. d7 Bh4 52. a4 Rd6 53. Kc5 Rd1 54. a5 f4 55. a6 f3 56. Kb4 f2 57. a7
Be7+ 58. Kc3 Ra1 59. d8=Q Bxd8 60. Rc4+ Ke3 61. Ra4 Rc1+ 62. Kb2 f1=Q 63.
a8=Q Rb1+ 64. Kc3 Qd3+ 65. Kb4 Rxb3+ 0-1

[Event "WYb16"]
[Site "Heraklio GRE"]
[Date "2002.11.17"]
[Round "4"]
[White "Papp,Ga"]
[Black "Akbarinia,S"]
[Result "1-0"]
[WhiteElo "2375"]
[BlackElo "2241"]
[EventDate "2002.11.15"]

1. e4 c5 2. Nf3 d6 3. d4 cxd4 4. Nxd4 Nf6 5. Nc3 a6 6. Be3 e5 7. Nb3 Be6 8.
f3 Be7 9. Qd2 Nbd7 10. g4 h6 11. O-O-O Qc7 12. h4 O-O-O 13. Qf2 Kb8 14. Bh3
Rc8 15. Kb1 g5 16. Bf1 Rcg8 17. hxg5 hxg5 18. Rxh8 Rxh8 19. Nd5 Bxd5 20.
exd5 Nf8 21. c4 N6d7 22. Bd3 Ng6 23. Bxg6 fxg6 24. Qc2 Rh3 25. Nd2 Nf8 26.
b4 Rh2 27. Qd3 Qd7 28. b5 Bd8 29. Ne4 Qc7 30. Qb3 axb5 31. cxb5 Qf7 32.
Nxd6 Qd7 33. Ne4 Ba5 34. Bc5 Qd8 35. Bd6+ Ka8 36. Bxf8 Qxf8 37. d6 1-0

[Event "WYb16"]
[Site "Heraklio GRE"]
[Date "2002.11.17"]
[Round "4"]
[White "Deepan,C"]
[Black "Bordi,K"]
[Result "1-0"]
[WhiteElo "2355"]
[BlackElo "2187"]
[EventDate "2002.11.15"]

1. e4 d5 2. exd5 Qxd5 3. Nc3 Qa5 4. d4 Nf6 5. Bc4 Bg4 6. Nge2 e6 7. h3 Bh5
8. O-O c6 9. Qe1 Bxe2 10. Qxe2 Qc7 11. Re1 Bd6 12. Ne4 Nxe4 13. Qxe4 Nd7
14. Bg5 h6 15. Bd2 Nf6 16. Qd3 O-O 17. Qf3 Nd5 18. Bb3 Bh2+ 19. Kh1 Bf4 20.
Bxf4 Nxf4 21. Rad1 Rad8 22. c3 Nd5 23. Rd2 Rd7 24. Red1 Rfd8 25. g3 Nf6 26.
Qe3 c5 27. dxc5 Rxd2 28. Rxd2 Rxd2 29. Qxd2 Ne4 30. Qe3 Nxc5 31. Bc2 a6 32.
Kh2 Nd7 33. Be4 b6 34. Kg2 Nc5 35. Bc2 Kf8 36. Qd4 f5 37. b4 Nd7 38. Bb3
Ne5 39. Kf1 Kf7 40. f4 Nd7 41. Qd3 Qc6 42. Qxf5+ Nf6 43. Kg1 Qxc3 44. Qxe6+
Kg6 45. Kf2 Qd2+ 46. Kf3 Qd3+ 47. Qe3 Qf1+ 48. Qf2 Qxh3 49. Qc2+ 1-0

[Event "WYb16"]
[Site "Heraklio GRE"]
[Date "2002.11.18"]
[Round "5"]
[White "Smirnov,I UKR"]
[Black "Wojtaszek,R"]
[Result "1-0"]
[WhiteElo "2365"]
[BlackElo "2452"]
[EventDate "2002.11.15"]

1. d4 c5 2. d5 d6 3. e4 g6 4. Nf3 Bg7 5. Be2 Nf6 6. Nc3 O-O 7. O-O Na6 8.
h3 Rb8 9. a4 Nc7 10. Bf4 Nd7 11. Qd2 Re8 12. Rfe1 a6 13. a5 b5 14. axb6
Nxb6 15. Bf1 Bb7 16. Bh2 Qd7 17. Ra5 Rbd8 18. b3 h6 19. Bc4 Nxc4 20. bxc4
e5 21. Rb1 Rb8 22. Ra3 Ba8 23. Rab3 Rxb3 24. cxb3 Rb8 25. Ne1 f5 26. Nd3 f4
27. f3 Bf6 28. b4 cxb4 29. Rxb4 Rxb4 30. Nxb4 a5 31. Nd3 Na6 32. Kf1 Bb7
33. Bg1 Bd8 34. Qa2 Nb8 35. Qb3 Kg7 36. Ke1 Na6 37. c5 Nxc5 38. Bxc5 Ba6
39. Kd2 Bxd3 40. Kxd3 dxc5 41. Kc4 a4 42. Qxa4 Qb7 43. Qb5 Qa7 44. Qa4 Qb7
45. Nb5 Bb6 46. Nd6 Qe7 47. Qc6 Ba7 48. Qb7 Qxb7 49. Nxb7 Kf6 50. Nxc5 Ke7
51. Ne6 Kd6 52. Nf8 g5 53. Ne6 Kd7 54. Kb5 Bf2 55. Ng7 Be3 56. Nf5 h5 57.
Ng7 1-0

[Event "WYb16"]
[Site "Heraklio GRE"]
[Date "2002.11.18"]
[Round "5"]
[White "Pantsulaia,L"]
[Black "Papp,Ga"]
[Result "1-0"]
[WhiteElo "2450"]
[BlackElo "2375"]
[EventDate "2002.11.15"]

1. d4 Nf6 2. Nf3 e6 3. c4 b6 4. g3 Ba6 5. Nbd2 c5 6. Bg2 Nc6 7. dxc5 Bxc5
8. O-O Bb7 9. a3 Be7 10. e4 d6 11. e5 dxe5 12. Nxe5 Nxe5 13. Bxb7 Rb8 14.
Bg2 O-O 15. Qe2 Nd3 16. Nb3 Nxc1 17. Raxc1 Bc5 18. Rfd1 Qe7 19. Nd4 Bxd4
20. Rxd4 Rfd8 21. Rcd1 Rxd4 22. Rxd4 Rd8 23. Qd2 Rxd4 24. Qxd4 Qc7 25. b4
Nd7 26. f4 g6 27. Kf2 h6 28. Bf3 Kh7 29. Ke3 a5 30. Qe4 axb4 31. axb4 Qd6
32. Qc6 Qe7 33. Kd3 e5 34. Qd5 Kg7 35. Kc3 exf4 36. Qd4+ Kh7 37. gxf4 Qe1+
38. Kb3 Nf8 39. Ka4 Qe8+ 40. Kb3 Qe1 41. Qf6 Qe3+ 42. Ka4 Kg8 43. Bd5 Qe8+
44. Qc6 Qb8 45. Kb5 Qxf4 46. Kxb6 Qb8+ 47. Ka5 Qa7+ 48. Kb5 Qb8+ 49. Qb7
Qe8+ 50. Ka5 Kg7 51. c5 Qd8+ 52. Kb5 Nd7 53. c6 Ne5 54. c7 Qd7+ 55. Ka5 Qh3
56. c8=Q Qa3+ 57. Kb5 Qd3+ 58. Bc4 1-0

[Event "WYb16"]
[Site "Heraklio GRE"]
[Date "2002.11.18"]
[Round "5"]
[White "Palit,S"]
[Black "Deepan,C"]
[Result "1/2-1/2"]
[WhiteElo "2277"]
[BlackElo "2355"]
[EventDate "2002.11.15"]

1. e4 c5 2. Nf3 d6 3. Bc4 Nf6 4. d3 Nc6 5. O-O Bg4 6. h3 Bh5 7. c3 e6 8.
Nbd2 Be7 9. Bb3 O-O 10. g4 Bg6 11. Nh4 Ne8 12. Nxg6 hxg6 13. a4 d5 14. Qe2
dxe4 15. dxe4 Qc7 16. Nc4 Nf6 17. Qf3 Nh7 18. Bf4 Ng5 19. Bxc7 Nxf3+ 20.
Kg2 Nh4+ 21. Kh1 Rfc8 22. Bg3 Nf3 23. Rfd1 Ng5 24. Bc2 Nxh3 25. Kg2 Ng5 26.
Nd6 Bxd6 27. Bxd6 Na5 28. b3 f6 29. Bg3 e5 30. Rd7 Ne6 31. Rad1 Nf8 32.
R7d6 g5 33. f3 b6 34. Kf2 Kf7 35. Ke3 Ke7 36. R6d5 Nc6 37. Be1 Rc7 38. Bg3
Rac8 39. Bb1 Rd8 40. Bc2 Ne6 41. Bb1 Nf4 42. Rxd8 Nxd8 43. Bc2 Nde6 44. Rd2
Rc8 45. Bb1 Ng6 46. Bd3 Rd8 47. Bb5 Rxd2 48. Kxd2 Nc7 49. Bc4 Nf4 50. Bf2
Kd6 51. Bf1 Nce6 52. Ke3 Ng6 53. Be1 Ne7 54. Bd2 Nc6 55. Bd3 Nf4 56. Bc2 a6
57. Bd1 b5 58. axb5 axb5 59. Bc1 Kc7 60. Bd2 Kb6 61. b4 c4 62. Bc2 Nb8 63.
Kf2 Nd7 64. Ke3 Kc6 65. Kf2 Nb6 66. Ke3 Na4 67. Kf2 Nb2 68. Ke3 Nbd3 69.
Bb1 Kd6 70. Bc2 Ke6 71. Bb1 g6 72. Bc2 f5 73. Bb1 Kf6 74. Bc2 Ke6 75. Bb1
Kf6 76. Bc2 1/2-1/2

[Event "WYb16"]
[Site "Heraklio GRE"]
[Date "2002.11.18"]
[Round "5"]
[White "Adly,A"]
[Black "Divljan,I"]
[Result "1-0"]
[WhiteElo "2294"]
[BlackElo "2224"]
[EventDate "2002.11.15"]

1. d4 Nf6 2. Nf3 e6 3. e3 d5 4. b3 c5 5. Bb2 Nbd7 6. Nbd2 Be7 7. Bd3 b6 8.
Ne5 Nxe5 9. dxe5 Nd7 10. O-O Bb7 11. f4 Qc7 12. a4 a6 13. Qg4 g6 14. c4 d4
15. Qe2 dxe3 16. Ne4 Bxe4 17. Bxe4 Rb8 18. Qxe3 O-O 19. f5 Nxe5 20. f6 Ng4
21. Qh3 Bxf6 22. Rxf6 Nxf6 23. Bxf6 h5 24. Qe3 1-0

[Event "WYb16"]
[Site "Heraklio GRE"]
[Date "2002.11.18"]
[Round "5"]
[White "Glud,J"]
[Black "Karakehajov,K"]
[Result "1-0"]
[WhiteElo "2179"]
[BlackElo "2283"]
[EventDate "2002.11.15"]

1. e4 e5 2. Nf3 Nc6 3. Bc4 Bc5 4. c3 Nf6 5. d3 d6 6. O-O O-O 7. Nbd2 Bb6 8.
Bb3 Ne7 9. Re1 Ng6 10. Nf1 Re8 11. a4 c6 12. Ng3 Be6 13. Bxe6 fxe6 14. d4
exd4 15. Nxd4 Qd7 16. a5 Bc7 17. Qb3 c5 18. Nb5 Bb8 19. Bg5 Ne5 20. Na3 Qc6
21. Bxf6 gxf6 22. c4 Bc7 23. Nh5 Kf7 24. Qe3 Ng4 25. Qf4 Rg8 26. f3 d5 27.
e5 Bxe5 28. Rxe5 Qd6 29. Rae1 Nxe5 30. Qxf6+ Ke8 31. Rxe5 Rg6 32. Nb5 Qf8
33. Qxf8+ Kxf8 34. Nc7 Rd8 35. Nf4 dxc4 36. Ncxe6+ 1-0

[Event "WYb16"]
[Site "Heraklio GRE"]
[Date "2002.11.18"]
[Round "5"]
[White "Akbarinia,S"]
[Black "Pixton,A"]
[Result "1/2-1/2"]
[WhiteElo "2241"]
[BlackElo "2443"]
[EventDate "2002.11.15"]

1. d4 e6 2. Nf3 f5 3. g3 Nf6 4. Bg2 d5 5. O-O Bd6 6. c4 c6 7. Qc2 O-O 8.
Nbd2 Nbd7 9. Ne1 Qe7 10. Nd3 b6 11. Nf3 Ba6 12. b3 Rac8 13. Bf4 c5 14. dxc5
Nxc5 15. Bxd6 Qxd6 16. Nb4 Bb7 17. Rad1 Nce4 18. Nd3 dxc4 19. bxc4 Qe7 20.
Qb3 Nc5 21. Qa3 Bxf3 22. Bxf3 e5 23. Bd5+ Kh8 24. Nb4 Nce4 25. Qb2 Rfe8 26.
Rc1 Qc5 27. Kg2 Nd6 28. Rfd1 e4 29. e3 Ng4 30. Rc3 Ne5 31. Rdc1 Rcd8 32.
Qb3 h6 33. Rb1 Qc8 34. Nc2 Nf3 35. Qa3 Qd7 36. Nb4 Rc8 37. Rbc1 Rc5 38. Qb3
Nb7 39. R3c2 Rcc8 40. Bxb7 Qxb7 41. c5 bxc5 42. Rxc5 Rxc5 43. Rxc5 Re5 44.
Rxe5 Nxe5 45. Qe6 Qxb4 46. Qxe5 Qf8 47. Qc7 a6 48. Kf1 Qf6 49. Qc4 Kh7 50.
a4 Qd6 51. Kg2 Qd1 52. h4 Qf3+ 53. Kg1 Qd1+ 54. Kh2 Qf3 55. Qf1 h5 56. Kg1
f4 57. exf4 a5 58. Qe1 Qd3 59. Qxa5 Qd1+ 60. Kh2 e3 61. Qf5+ Kh8 62. fxe3
Qe2+ 63. Kg1 Qe1+ 1/2-1/2

[Event "WYb16"]
[Site "Heraklio GRE"]
[Date "2002.11.18"]
[Round "5"]
[White "Erdos,V"]
[Black "Heinz,A"]
[Result "1-0"]
[WhiteElo "2416"]
[BlackElo "2196"]
[EventDate "2002.11.15"]

1. d4 Nf6 2. c4 e6 3. Nc3 Bb4 4. Qc2 c5 5. dxc5 Na6 6. a3 Bxc3+ 7. Qxc3
Nxc5 8. b4 Nce4 9. Qd4 d5 10. cxd5 exd5 11. Bb2 O-O 12. Nf3 Bf5 13. e3 Rc8
14. Be2 a6 15. O-O Nd6 16. Rfc1 Qe7 17. Qh4 Rfd8 18. Bd4 Nde4 19. Qf4 Bg6
20. Nh4 Qd7 21. Nxg6 hxg6 22. h4 Qd6 23. Qf3 Qe6 24. Bd3 Ng4 25. Bxe4 Qxe4
26. Qe2 Nh6 27. h5 Nf5 28. Bb6 Re8 29. hxg6 fxg6 30. Qf3 Qxf3 31. gxf3 g5
32. Rd1 Rc2 33. Rac1 Ra2 34. Rxd5 Nh4 35. Rc7 Nxf3+ 36. Kg2 Nh4+ 37. Kg3
Rf8 38. Rxg5 Nf5+ 39. Kg2 Rf6 40. Rxb7 Ra1 41. Rg4 Rh6 42. Bd4 Nh4+ 43.
Rxh4 1-0

[Event "WYb16"]
[Site "Heraklio GRE"]
[Date "2002.11.19"]
[Round "6"]
[White "Pantsulaia,L"]
[Black "Smirnov,I UKR"]
[Result "1-0"]
[WhiteElo "2450"]
[BlackElo "2365"]
[EventDate "2002.11.15"]

1. d4 Nf6 2. Nf3 e6 3. c4 b6 4. g3 Ba6 5. Nbd2 Bb4 6. Qb3 c5 7. Bg2 Nc6 8.
O-O cxd4 9. Qa4 Bxd2 10. Bxd2 Qc8 11. b4 Bb7 12. b5 Ne7 13. Nxd4 Bxg2 14.
Kxg2 Ne4 15. Rfd1 Nc5 16. Qb4 Qc7 17. Nb3 d6 18. Nxc5 dxc5 19. Qc3 Qb7+ 20.
f3 O-O 21. Qe5 Ng6 22. Qe3 Rfd8 23. Bc3 a6 24. a4 axb5 25. axb5 h6 26. h4
Qc7 27. Rxa8 Rxa8 28. h5 Ne7 29. g4 Ra3 30. Rd3 Ra4 31. Qd2 Ra7 32. Rd8+
Kh7 33. Qd3+ f5 34. Rd6 Nd5 35. Be5 Nb4 36. Qe3 Nc2 37. Qf4 Qf7 38. Rxb6
Ra4 39. Kg3 Na3 40. Rb8 Nxc4 41. Qxh6+ 1-0

[Event "WYb16"]
[Site "Heraklio GRE"]
[Date "2002.11.19"]
[Round "6"]
[White "Friedel,J"]
[Black "Kharitonov,Alexa"]
[Result "1/2-1/2"]
[WhiteElo "2270"]
[BlackElo "2437"]
[EventDate "2002.11.15"]

1. e4 e6 2. d4 d5 3. Nc3 Nf6 4. e5 Nfd7 5. f4 c5 6. Nf3 Nc6 7. Be3 cxd4 8.
Nxd4 Bc5 9. Qd2 O-O 10. O-O-O a6 11. h4 Nxd4 12. Bxd4 b5 13. Rh3 b4 14. Na4
Bxd4 15. Qxd4 a5 16. Bb5 Rb8 17. Bd3 Qc7 18. h5 Qc6 19. b3 Ba6 20. Bxa6
Qxa6 21. Re1 Rbc8 22. g4 Rc7 23. h6 g6 24. Rf3 Rfc8 25. Rf2 Qa7 26. Qxa7
Rxa7 27. g5 Kf8 28. Rd1 Rac7 29. Rd4 Nc5 30. Nxc5 Rxc5 31. a3 bxa3 32. Ra4
Rb8 33. Rxa3 Rb4 34. Kb2 d4 35. Rf3 Rd5 36. Rd3 Ke7 37. Ra4 Rxa4 38. bxa4
Kd7 39. c4 dxc3+ 40. Kxc3 Kc6 41. Rxd5 Kxd5 42. Kd3 Kc5 43. Kc3 1/2-1/2

[Event "WYb16"]
[Site "Heraklio GRE"]
[Date "2002.11.19"]
[Round "6"]
[White "Glud,J"]
[Black "Kuljasevic,D"]
[Result "1/2-1/2"]
[WhiteElo "2179"]
[BlackElo "2381"]
[EventDate "2002.11.15"]

1. e4 c5 2. Nf3 Nc6 3. d4 cxd4 4. Nxd4 Nf6 5. Nc3 e5 6. Ndb5 d6 7. Bg5 a6
8. Na3 b5 9. Bxf6 gxf6 10. Nd5 f5 11. c3 Bg7 12. exf5 Bxf5 13. Nc2 Be6 14.
Nce3 Ne7 15. Nxe7 Qxe7 16. Bd3 d5 17. Nf5 Qf6 18. Nxg7+ Qxg7 19. g3 Rd8 20.
O-O O-O 21. a4 e4 22. Be2 d4 23. cxd4 Rxd4 24. Qb1 bxa4 25. Bxa6 Bb3 26.
Qc1 Qg6 27. Bb5 Qf5 28. Qc6 Rc8 29. Qa6 Rc5 30. Bxa4 Ra5 31. Bd7 Rxa6 32.
Bxf5 Rf6 33. Bg4 Rd2 34. f3 exf3 35. Rxf3 Rxf3 36. Bxf3 1/2-1/2

[Event "WYb16"]
[Site "Heraklio GRE"]
[Date "2002.11.19"]
[Round "6"]
[White "Papp,Ga"]
[Black "Pashikian,A"]
[Result "0-1"]
[WhiteElo "2375"]
[BlackElo "2304"]
[EventDate "2002.11.15"]

1. e4 c5 2. Nf3 e6 3. d4 cxd4 4. Nxd4 Nf6 5. Nc3 Nc6 6. Ndb5 Bc5 7. Bf4 O-O
8. Bd6 Qb6 9. Bxc5 Qxc5 10. Qd6 Qb6 11. Qd2 a6 12. Na4 Qd8 13. Nd6 b5 14.
Nc5 Qb6 15. Nb3 Ne8 16. Be2 Nxd6 17. Qxd6 f5 18. exf5 Rxf5 19. Bf3 Re5+ 20.
Kf1 Bb7 21. Rd1 Rf8 22. h4 Ref5 23. Rh3 Kh8 24. Rg3 R8f7 25. Rg5 Rxf3 26.
gxf3 Rxf3 27. Nc5 h6 28. Rg2 Rf7 29. Rd3 Ba8 30. Nxd7 Qb7 31. Nc5 Qc8 32.
Qxe6 Qf8 33. Nd7 Qg8 34. Qd6 Na5 35. Rgg3 Nc4 36. Qxa6 Qe8 37. Nb6 Bb7 38.
Nxc4 Bxa6 39. Nd6 Qf8 40. Nxf7+ Qxf7 41. Rd6 Qxa2 42. Rd8+ Kh7 43. Rd7 Qxb2
44. c3 Qb1+ 45. Kg2 Qe4+ 46. f3 Qe5 47. f4 Bb7+ 48. Kh2 Qe2+ 49. Kg1 Qe1+
0-1

[Event "WYb16"]
[Site "Heraklio GRE"]
[Date "2002.11.19"]
[Round "6"]
[White "Stellwagen,D"]
[Black "Palit,S"]
[Result "1-0"]
[WhiteElo "2426"]
[BlackElo "2277"]
[EventDate "2002.11.15"]

1. e4 e6 2. d4 d5 3. Nc3 Nf6 4. Bg5 Bb4 5. e5 h6 6. Bd2 Bxc3 7. bxc3 Ne4 8.
Qg4 g6 9. Nf3 c5 10. Bd3 Nxd2 11. Kxd2 Bd7 12. dxc5 Bc6 13. Nd4 Qg5+ 14.
Qxg5 hxg5 15. Nb5 Bxb5 16. Bxb5+ Kd8 17. Rab1 Kc7 18. h3 Nc6 19. Bxc6 Kxc6
20. Rb4 Rh4 21. Rhb1 Rb8 22. Ke3 Rxb4 23. cxb4 Kb5 24. Kd4 Rh8 25. a4+ Kxa4
26. Ra1+ Kb5 27. Rxa7 Rh4+ 28. g4 Kc6 29. c4 dxc4 30. Kxc4 Kc7 31. Kb5 Rxh3
32. c6 Rf3 33. Rxb7+ Kc8 34. Kb6 Rf4 35. b5 Rxf2 36. Ra7 1-0

[Event "WYb16"]
[Site "Heraklio GRE"]
[Date "2002.11.19"]
[Round "6"]
[White "Deepan,C"]
[Black "Erdos,V"]
[Result "0-1"]
[WhiteElo "2355"]
[BlackElo "2416"]
[EventDate "2002.11.15"]

1. e4 e6 2. Nc3 d5 3. Nf3 Nf6 4. e5 Nfd7 5. d4 c5 6. Bg5 Qb6 7. dxc5 Nxc5
8. Nd4 Nc6 9. Bb5 Bd7 10. Bxc6 Bxc6 11. O-O Nd7 12. Be3 Bc5 13. Rb1 a5 14.
a3 a4 15. f4 O-O 16. Kh1 Rae8 17. Bg1 Qa6 18. Qh5 g6 19. Qh6 f6 20. exf6
Rxf6 21. Rfe1 Bd6 22. Nce2 Nc5 23. Nxc6 bxc6 24. Bd4 Rf7 25. f5 exf5 26.
Nf4 Rxe1+ 27. Rxe1 Re7 28. Rg1 Ne4 29. g4 Bxf4 30. Qxf4 c5 31. Bf2 fxg4 32.
Bh4 Rf7 33. Qxg4 Qc6 34. Re1 Rf5 35. Kg1 c4 36. Rf1 Rxf1+ 37. Kxf1 Kg7 38.
Ke2 c3 39. bxc3 Qc4+ 40. Ke1 Qxc3+ 41. Kf1 Qc4+ 42. Ke1 Qxc2 43. Qf4 Qc3+
44. Kf1 Qd3+ 45. Kg1 Qd4+ 46. Kg2 Qd2+ 47. Kf3 Qd3+ 48. Kg2 Qe2+ 49. Kh3
Qd3+ 50. Kg2 Qd2+ 51. Kf3 Qxf4+ 52. Kxf4 Nd6 53. Ke5 Nc4+ 54. Kxd5 Nxa3 55.
Kc5 Nc2 56. Kc4 Kh6 57. Bf2 Kh5 58. h3 Kg5 59. Kc3 Na1 60. Kb4 Kf4 61. Kxa4
Kf3 62. Bd4 Nc2 63. Be5 Kg2 64. h4 Kh3 65. Kb3 Ne3 66. Kc3 Kxh4 67. Kd3 Nf5
68. Ke2 Kg4 69. Kf2 Nh4 70. Bd6 Kh3 71. Bf4 h5 72. Bg5 Nf5 73. Kf3 Nd4+ 74.
Ke4 Kg4 75. Be3 Nf5 0-1

[Event "WYb16"]
[Site "Heraklio GRE"]
[Date "2002.11.21"]
[Round "7"]
[White "Pashikian,A"]
[Black "Pantsulaia,L"]
[Result "1/2-1/2"]
[WhiteElo "2304"]
[BlackElo "2450"]
[EventDate "2002.11.15"]

1. e4 c5 2. Nc3 d6 3. Nf3 Nf6 4. d4 cxd4 5. Nxd4 a6 6. Rg1 Nc6 7. g4 Nxd4
8. Qxd4 e5 9. Qd1 d5 10. Nxd5 Nxe4 11. Bg2 Nc5 12. Qe2 Bd6 13. Be3 O-O 14.
O-O-O Be6 15. Bxc5 Bxc5 16. Qxe5 Rc8 17. Nf4 Qc7 18. Qxc7 Rxc7 19. Bd5 Re7
20. Nxe6 fxe6 21. Bb3 Rxf2 22. Rge1 Kf7 23. Re5 b6 24. Rde1 1/2-1/2

[Event "WYb16"]
[Site "Heraklio GRE"]
[Date "2002.11.21"]
[Round "7"]
[White "Kuljasevic,D"]
[Black "Stellwagen,D"]
[Result "0-1"]
[WhiteElo "2381"]
[BlackElo "2426"]
[EventDate "2002.11.15"]

1. d4 Nf6 2. Nf3 c5 3. d5 e6 4. c4 exd5 5. cxd5 d6 6. Nc3 g6 7. Bg5 Bg7 8.
e3 O-O 9. Nd2 h6 10. Bh4 Na6 11. Bc4 Nc7 12. O-O a6 13. a4 b6 14. Rb1 Bd7
15. b4 b5 16. bxc5 bxc4 17. cxd6 Nce8 18. Nxc4 Rc8 19. Qd3 g5 20. Bg3 Nh5
21. Ne2 Bxa4 22. Nb6 Nxg3 23. Nxg3 Rc3 24. Qxa6 Bc2 25. Na4 Ra3 26. Rb4 Bd3
0-1

[Event "WYb16"]
[Site "Heraklio GRE"]
[Date "2002.11.21"]
[Round "7"]
[White "Erdos,V"]
[Black "Friedel,J"]
[Result "1-0"]
[WhiteElo "2416"]
[BlackElo "2270"]
[EventDate "2002.11.15"]

1. d4 Nf6 2. c4 c5 3. d5 b5 4. Nf3 g6 5. cxb5 a6 6. Qc2 d6 7. e4 Bg7 8. Nc3
O-O 9. a4 e6 10. dxe6 fxe6 11. Be2 d5 12. Bg5 Qa5 13. O-O Bb7 14. Rad1 axb5
15. exd5 b4 16. dxe6 bxc3 17. e7 Re8 18. Qb3+ Bd5 19. Rxd5 Qb4 20. Bc4 Kh8
21. Rd8 Qxb3 22. Bxb3 Nbd7 23. Rxa8 Rxa8 24. bxc3 h6 25. Bf4 g5 26. Bc7 c4
27. Bc2 Ne8 28. Bd8 Bxc3 29. Rd1 Ndf6 30. Nd2 Nd6 31. g3 Kg7 32. Bc7 Nfe8
33. Bxd6 Nxd6 34. Ne4 Nxe4 35. Rd8 1-0

[Event "WYb16"]
[Site "Heraklio GRE"]
[Date "2002.11.21"]
[Round "7"]
[White "Gerzhoy,L"]
[Black "Glud,J"]
[Result "1-0"]
[WhiteElo "2389"]
[BlackElo "2179"]
[EventDate "2002.11.15"]

1. Nf3 Nf6 2. c4 e6 3. g3 a6 4. Bg2 b5 5. b3 Bb7 6. O-O c5 7. Nc3 b4 8. Na4
d6 9. d4 cxd4 10. Qxd4 Nbd7 11. Bb2 Be7 12. Rfd1 O-O 13. Ne1 Bxg2 14. Nxg2
Qc7 15. Ne3 Rfd8 16. Qf4 Nc5 17. Nxc5 Qxc5 18. Qf3 Nd7 19. Rd2 a5 20. Rad1
Ra6 21. h4 Qc6 22. Qf4 Nc5 23. f3 a4 24. Qg4 Bf8 25. Qg5 Qb6 26. Bd4 Rc8
27. Ng4 Qc7 28. h5 e5 29. Bxc5 Qxc5+ 30. Kg2 axb3 31. axb3 Kh8 32. h6 g6
33. Qf6+ Kg8 34. Rd5 Qc7 35. Rxe5 Ra2 36. Re3 Qd7 37. Qd4 Qf5 38. Nf6+ Kh8
39. Nd7+ f6 40. Nxf6 Bxh6 41. Ne8+ Kg8 42. Re4 Qc5 43. Qxc5 dxc5 44. Rd7
Rb2 45. Nf6+ Kf8 46. Ree7 1-0

[Event "WYb16"]
[Site "Heraklio GRE"]
[Date "2002.11.21"]
[Round "7"]
[White "Akbarinia,S"]
[Black "Wojtaszek,R"]
[Result "0-1"]
[WhiteElo "2241"]
[BlackElo "2452"]
[EventDate "2002.11.15"]

1. d4 Nf6 2. Nf3 c5 3. c4 e6 4. Nc3 cxd4 5. Nxd4 Bb4 6. Qd3 Nc6 7. Nc2 Be7
8. e4 O-O 9. Be2 b6 10. O-O Bb7 11. Bf4 d6 12. Rfd1 Ne5 13. Qg3 Qb8 14. Bg5
a6 15. f4 Ng6 16. f5 Ne5 17. Nd4 Qc8 18. Bh6 Ne8 19. Na4 Bd8 20. Rf1 Kh8
21. Bg5 Nf6 22. fxe6 Nxe4 23. Qa3 Bxg5 24. Kh1 Qc7 0-1

[Event "WYb16"]
[Site "Heraklio GRE"]
[Date "2002.11.21"]
[Round "7"]
[White "Sakelsek,T"]
[Black "Barrientos,S"]
[Result "0-1"]
[WhiteElo "2296"]
[BlackElo "2235"]
[EventDate "2002.11.15"]

1. e4 c5 2. Nf3 Nc6 3. d4 cxd4 4. Nxd4 Nf6 5. Nc3 e5 6. Ndb5 d6 7. Bg5 a6
8. Na3 b5 9. Bxf6 gxf6 10. Nd5 f5 11. Bd3 Be6 12. O-O Bxd5 13. exd5 Ne7 14.
c3 Bg7 15. Qh5 e4 16. Bc2 O-O 17. Rae1 Qc8 18. Kh1 Rb8 19. Bb3 a5 20. f3
Ng6 21. fxe4 f4 22. Rf3 Re8 23. Rh3 h6 24. Qf3 a4 25. Bc2 b4 26. Nb1 bxc3
27. Nxc3 Rxb2 28. Bb1 Qb7 29. Qd1 Rb8 30. Bc2 Rc8 31. e5 Bxe5 32. Rxe5 Nxe5
33. Bf5 Rc4 34. Ne4 Rxe4 35. Bxe4 Qb4 36. Bf5 Rd2 37. Qc1 Qd4 38. Bc2 Rxc2
0-1